[Event "Gibraltar Amateur op-B"]
[Site "Caleta"]
[Date "2016.02.02"]
[Round "4"]
[White "Pilchin, Uri"]
[Black "Bajer, Renato"]
[Result "1-0"]
[WhiteElo "1808"]
[BlackElo "1890"]
[PlyCount "79"]
[EventDate "2016.01.30"]
[EventType "swiss"]
[EventRounds "5"]
[EventCountry "GGB"]
[SourceTitle "CBM 170 Extra"]
[Source "ChessBase"]
[SourceDate "2016.02.25"]
[SourceVersion "1"]
[SourceVersionDate "2016.02.25"]
[SourceQuality "1"]

1. d4 f5 2. g3 Nf6 3. Bg2 g6 4. Nf3 Bg7 5. c4 0-0 6. 0-0 d6 7. Nc3 Qe8 8. d5 a5 9. Ne1 Na6 10. Nd3 Bd7 11. Qb3 b6 12. Bd2 h6 13. Nf4 Rb8 14. Rac1 Qf7 15. Qc2 Nb4 16. Qb1 g5 17. Nd3 Nxd3 18. Qxd3 e5 19. dxe6 Bxe6 20. b3 Nh5 21. Bd5 Rbe8 22. e3 Kh8 23. Bxe6 Qxe6 24. Nd5 Qd7 25. Bc3 Nf6 26. Nxf6 Bxf6 27. a3 Qg7 28. b4 Bxc3 29. Rxc3 axb4 30. axb4 f4 31. exf4 gxf4 32. Rd1 f3 33. Kf1 Qd7 34. Qd4+ Re5 35. Qxe5+ Kg8 36. Qd5+ Kh8 37. Qd4+ Kg8 38. Qh4 Kh7 39. Re1 Rf7 40. Rce3 1-0

[Event "Gibraltar Amateur op-B"]
[Site "Caleta"]
[Date "2016.01.30"]
[Round "1"]
[White "Bajer, Renato"]
[Black "White, Gary"]
[Result "1-0"]
[WhiteElo "1890"]
[BlackElo "1690"]
[PlyCount "81"]
[EventDate "2016.01.30"]
[EventType "swiss"]
[EventRounds "5"]
[EventCountry "GGB"]
[SourceTitle "CBM 170 Extra"]
[Source "ChessBase"]
[SourceDate "2016.02.25"]
[SourceVersion "1"]
[SourceVersionDate "2016.02.25"]
[SourceQuality "1"]

1. e4 e6 2. d4 d5 3. Nc3 Bb4 4. e5 Nc6 5. Qg4 g6 6. Nf3 Be7 7. a3 a6 8. Bd3 Bf8 9. h4 h5 10. Qg3 Nce7 11. Bg5 Bh6 12. Qf4 Qd7 13. 0-0-0 c6 14. Bxh6 Nxh6 15. Qf6 Rf8 16. Ng5 Nef5 17. Nh7 Ng4 18. Qg5 Rh8 19. Bxf5 Rxh7 20. Bxg4 hxg4 21. Qxg4 Rh5 22. Qe2 Qe7 23. g3 b5 24. Qe3 Bb7 25. Nb1 Rc8 26. Nd2 c5 27. Nb3 cxd4 28. Nxd4 Qc7 29. f4 a5 30. Rh2 Ba6 31. g4 Rh8 32. Rdh1 b4 33. axb4 axb4 34. h5 gxh5 35. Rxh5 Rxh5 36. Rxh5 Ke7 37. f5 exf5 38. Qg5+ Kd7 39. Qxf5+ Ke7 40. Qf6+ Kd7 41. Qxf7+ 1-0

[Event "Gibraltar Amateur op-A"]
[Site "Caleta"]
[Date "2016.01.28"]
[Round "4"]
[White "White, Gary"]
[Black "Bajer, Renato"]
[Result "1/2-1/2"]
[WhiteElo "1690"]
[BlackElo "1890"]
[PlyCount "87"]
[EventDate "2016.01.25"]
[EventType "swiss"]
[EventRounds "5"]
[EventCountry "GGB"]
[SourceTitle "CBM 170 Extra"]
[Source "ChessBase"]
[SourceDate "2016.02.25"]
[SourceVersion "1"]
[SourceVersionDate "2016.02.25"]
[SourceQuality "1"]

1. f4 d5 2. Nf3 c6 3. e3 Nf6 4. Be2 Bg4 5. 0-0 Bxf3 6. Bxf3 Nbd7 7. d3 e5 8. e4 dxe4 9. dxe4 Qb6+ 10. Kh1 0-0-0 11. Qe1 Bd6 12. f5 h6 13. a4 g5 14. Nd2 g4 15. Nc4 Qc7 16. Be2 Nc5 17. Be3 Ncxe4 18. Bxa7 Bc5 19. Bxc5 Nxc5 20. Qb4 Na6 21. Nb6+ Kb8 22. Bxa6 Ka7 23. Bxb7 Qxb6 24. Qe7 Nd5 25. Qxf7 Qxb7 26. Qe6 Rde8 27. Qd6 Ne3 28. Rfb1 Nxf5 29. Qd2 g3 30. b4 gxh2 31. Qf2+ Nd4 32. c3 Rhf8 33. Qe3 c5 34. bxc5 Qc6 35. cxd4 exd4 36. Qxd4 Rg8 37. Ra2 Re4 38. Qf2 Re7 39. Rab2 Reg7 40. Qe1 Qxc5 41. Qf2 Qxf2 42. Rxf2 Rg4 43. a5 R8g5 44. Kxh2 1/2-1/2

[Event "Gibraltar Masters 12th"]
[Site "Caleta"]
[Date "2014.02.05"]
[Round "9"]
[White "Marttala, Thomas"]
[Black "Bajer, Renato"]
[Result "1-0"]
[WhiteElo "2200"]
[BlackElo "1914"]
[PlyCount "69"]
[EventDate "2014.01.28"]
[EventType "swiss"]
[EventRounds "10"]
[EventCountry "GGB"]
[SourceTitle "CBM 159"]
[Source "ChessBase"]
[SourceDate "2014.03.17"]
[SourceVersion "1"]
[SourceVersionDate "2014.03.17"]
[SourceQuality "1"]

1. e4 e5 2. f4 exf4 3. Nf3 g5 4. Bc4 Bg7 5. d4 d6 6. h4 h6 7. Qd3 g4 8. Ng1 Qf6 9. Nc3 Qxd4 10. Bxf4 Qxd3 11. cxd3 Be6 12. Nge2 Nc6 13. Bxe6 fxe6 14. Be3 0-0-0 15. d4 Nf6 16. Ng3 Ne7 17. Ke2 e5 18. d5 a6 19. Rac1 Kd7 20. Rhf1 Rdf8 21. Rf2 Rf7 22. Rcf1 Rhf8 23. Kd3 Ke8 24. b4 Nd7 25. Rxf7 Rxf7 26. Rc1 b6 27. Nce2 Kd8 28. Nh5 Bf8 29. Neg3 Ng6 30. Nf5 Nf6 31. Nhg3 Ng8 32. a4 N6e7 33. a5 b5 34. Ke2 Kc8 35. Nxd6+ 1-0

[Event "Wiesbaden op 25th"]
[Site "Wiesbaden"]
[Date "2013.08.22"]
[Round "1"]
[White "Bajer, Renato"]
[Black "Klein, Simon"]
[Result "1-0"]
[WhiteElo "1923"]
[BlackElo "919"]
[PlyCount "45"]
[EventDate "2013.08.22"]
[EventType "swiss"]
[EventRounds "7"]
[EventCountry "GER"]
[SourceTitle "EXT 2014"]
[Source "ChessBase"]
[SourceDate "2013.11.20"]
[SourceVersion "1"]
[SourceVersionDate "2013.11.20"]
[SourceQuality "1"]

1. e4 e5 2. Nf3 Nc6 3. d4 exd4 4. Bc4 Bc5 5. c3 dxc3 6. Bxf7+ Kxf7 7. Qd5+ Ke8 8. Qh5+ g6 9. Qxc5 Nf6 10. Nxc3 b6 11. Qc4 Bb7 12. 0-0 d6 13. Re1 Ne5 14. Nxe5 dxe5 15. Bg5 c5 16. Qe6+ Qe7 17. Qxf6 Qf8 18. Qxe5+ Kd7 19. Rad1+ Kc6 20. Qe6+ Kc7 21. Nb5+ Kb8 22. Qe5+ Kc8 23. Qc7# 1-0

[Event "Wuerttemberg-ch KT"]
[Site "Stuttgart"]
[Date "2010.09.03"]
[Round "7"]
[White "Bajer, Renato"]
[Black "Schuster, Gerhard"]
[Result "0-1"]
[WhiteElo "1916"]
[BlackElo "2006"]
[PlyCount "56"]
[EventDate "2010.08.28"]
[EventType "swiss"]
[EventRounds "9"]
[EventCountry "GER"]
[SourceTitle "EXT 2017"]
[Source "ChessBase"]
[SourceDate "2016.10.25"]
[SourceVersion "1"]
[SourceVersionDate "2016.10.25"]
[SourceQuality "1"]

1. d4 Nf6 2. c4 e6 3. Nc3 Bb4 4. f3 d5 5. a3 Be7 6. e3 Nbd7 7. cxd5 exd5 8. Bd3 0-0 9. Nge2 Re8 10. 0-0 c5 11. Re1 a6 12. Bc2 Nf8 13. Kf2 Ne6 14. dxc5 Bxc5 15. b4 Ba7 16. Bb3 d4 17. Bxe6 dxe3+ 18. Bxe3 Bxe3+ 19. Kxe3 Rxe6+ 20. Kf2 Rd6 21. Qc1 Qb6+ 22. Qe3 Ng4+ 23. fxg4 Rf6+ 24. Nf4 Rxf4+ 25. Kg3 Rxg4+ 26. Kf3 Qf6+ 27. Ke2 Rxg2+ 28. Kd1 Be6 0-1

[Event "Wuerttemberg-ch KT"]
[Site "Stuttgart"]
[Date "2010.09.01"]
[Round "5"]
[White "Bajer, Renato"]
[Black "Imhof, Thomas"]
[Result "0-1"]
[WhiteElo "1916"]
[BlackElo "2064"]
[PlyCount "50"]
[EventDate "2010.08.28"]
[EventType "swiss"]
[EventRounds "9"]
[EventCountry "GER"]
[SourceTitle "EXT 2017"]
[Source "ChessBase"]
[SourceDate "2016.10.25"]
[SourceVersion "1"]
[SourceVersionDate "2016.10.25"]
[SourceQuality "1"]

1. e4 c5 2. Nf3 d6 3. d4 cxd4 4. Nxd4 Nf6 5. Nc3 g6 6. f3 Bg7 7. Be3 Nc6 8. Qd2 0-0 9. 0-0-0 d5 10. Qe1 e5 11. Nxc6 bxc6 12. exd5 Nxd5 13. Bc4 Be6 14. Nxd5 cxd5 15. Bxd5 Bxd5 16. c4 Qc7 17. b3 Be6 18. g4 a5 19. Qf2 a4 20. Bc5 axb3 21. Bxf8 Qxc4+ 22. Kb1 bxa2+ 23. Ka1 Kxf8 24. Rd2 e4+ 25. Rb2 Rb8 0-1

[Event "Wuerttemberg-ch KT"]
[Site "Tuebingen"]
[Date "2007.08.28"]
[Round "4"]
[White "Hedler, Thomas"]
[Black "Bajer, Renato"]
[Result "1/2-1/2"]
[WhiteElo "2019"]
[BlackElo "1924"]
[PlyCount "83"]
[EventDate "2007.08.25"]
[EventType "swiss"]
[EventRounds "9"]
[EventCountry "GER"]
[SourceTitle "CBM 120 Extra"]
[Source "ChessBase"]
[SourceDate "2007.11.01"]
[SourceVersion "1"]
[SourceVersionDate "2007.11.01"]
[SourceQuality "1"]

1. Nc3 Nf6 2. f4 d5 3. e3 c5 4. Bb5+ Nc6 5. Nf3 a6 6. Bxc6+ bxc6 7. 0-0 Bg4 8. h3 Bxf3 9. Qxf3 e6 10. b3 Bd6 11. Bb2 e5 12. Ne2 e4 13. Qf2 Qe7 14. Ng3 g6 15. d3 0-0 16. Rae1 Rae8 17. dxe4 Nxe4 18. Nxe4 Qxe4 19. f5 Be5 20. Ba3 Bc3 21. Rd1 Re5 22. fxg6 hxg6 23. Bxc5 Rf5 24. Qe2 Re8 25. Rxf5 Qxf5 26. Rf1 Qc8 27. Qf3 Qe6 28. Rd1 Ba5 29. Bd4 Bc7 30. Rf1 f5 31. g3 Bd6 32. h4 c5 33. Bb2 Qxe3+ 34. Kg2 Qxf3+ 35. Kxf3 Re4 36. Rd1 d4 37. Rd3 Kf7 38. c3 Be5 39. cxd4 Bxd4 40. Bxd4 cxd4 41. Kf2 Ke6 42. Kf3 1/2-1/2